|
|
|
|
| LEADER |
00000nam a22000007a 4500 |
| 005 |
2021051002362.0 |
| 007 |
cr|||| |||| |
| 008 |
210510s2020 ar |||||s|||| 00||0 spa d |
| 020 |
|
|
|a 978-987-643
|
| 035 |
|
|
|a 33473
|
| 040 |
|
|
|a vLex
|
| 090 |
|
|
|c 11636
|d 11636
|
| 100 |
1 |
|
|a Lamberghini, Nicols̀
|
| 245 |
1 |
0 |
|a Discusiones actuales de Derecho Penal
|h [Recurso electrn̤ico] /
|c Nicols̀ Lamberghini, Andrš Mata̕s Alveroni, Luca̕ Bonaf,̌ Mara̕ Elena Cappellino, Laura Melisa Crema, Mara̕ Inš Indiveri, Sofa̕ Lorena Lp̤ez, Pablo J. Pellarn̕, Valentina Risso, Lara S. Senderowicz, Stefana̕ Serra, Lucas Ariel Torres, Magal ̕Vereda
|
| 256 |
|
|
|a Servicio en ln̕ea
|
| 260 |
|
|
|a Cr̤doba:
|b Alveroni Ediciones,
|c 2020
|
| 300 |
|
|
|a 1 recurso electrn̤ico
|
| 506 |
1 |
|
|a Disponible solo en los productos indicados
|d vLex Global
|d vLex Global (Academic Edition, excluding Law Schools)
|d vLex Global (U.S. Academic Edition, Law Schools)
|d vLex Global (U.S. Academic Edition, excluding Law Schools)
|d vLex Global (Academic Edition, Law Schools)
|
| 650 |
0 |
4 |
|a Derecho Penal
|z Argentina
|
| 700 |
1 |
|
|a Alveroni, Andrš Mata̕s
|
| 700 |
1 |
|
|a Bonaf,̌ Luca̕
|
| 700 |
1 |
|
|a Cappellino, Mara̕ Elena
|
| 700 |
1 |
|
|a Crema, Laura Melisa
|
| 700 |
1 |
|
|a Indiveri, Mara̕ Inš
|
| 700 |
1 |
|
|a Lp̤ez, Sofa̕ Lorena
|
| 700 |
1 |
|
|a Pellarn̕, Pablo J.
|
| 700 |
1 |
|
|a Risso, Valentina
|
| 700 |
1 |
|
|a Senderowicz, Lara S.
|
| 700 |
1 |
|
|a Serra, Stefana̕
|
| 700 |
1 |
|
|a Torres, Lucas Ariel
|
| 700 |
1 |
|
|a Vereda, Magal̕
|
| 740 |
0 |
|
|a vLex Libros (Servicio en ln̕ea)
|
| 856 |
4 |
0 |
|u https://vlex.com/source/discusiones-actuales-de-derecho-penal-33473
|z Acceso restringido
|
| 942 |
|
|
|c BOOK
|
| 999 |
0 |
|
|a Criminal law
|